01151nam a2200361 a 450000100060000000300100000600500170001600700020003300800410003502000180007604000440009404100080013808200230014608400110016910000300018024500620021025000220027226400350029430000510032933600260038033700280040633800270043449000120046165000510047365000610052465000780058570000380066383000190070194200120072094900180073296000220075099900170077260563CO-BoRNBP20260220131156.0t140329s2012 sp a gr 0001j spa d a9788498714005 aCO-BoBLAbspadCO-BoBLAerdacCO-BoRNBP aspa04aI612.8 bC15q 219 aA CAMQ0 aCampanari, José.96302410a¡Que mal huele! / cJosé Campanari & Simona Mulazzani. aPrimera edición aGalicia :bOQO Editora,c2012. a[20] páginas :bilustraciones ;c16 x 17 cm. atextbtxt2rdacontent aunmediatedbn2rdamedia avolumebnc2rdacarrier1 aNanOQOs 7aLibros ilustrados para niños.2BLAAUTO92001 7aOlfatox Libros ilustrados para niños.2BLAAUTO969089 7aOrganos de los sentidosx Libros ilustrados para niños.2BLAAUTO9690901 aMulazzani, Simona, d1964-9690911 aNanOQOs969092 2ddccBK an bn aNormalizados-2025 c60563d60563